[Event "Napoli Primavera al Vomero op"]
[Site "Napoli"]
[Date "2016.06.09"]
[Round "5"]
[White "De Rosa, Fabrizio"]
[Black "Minopoli, Francesco"]
[Result "0-1"]
[WhiteElo "1492"]
[BlackElo "1617"]
[PlyCount "46"]
[EventDate "2016.05.05"]
[EventType "swiss"]
[EventRounds "6"]
[EventCountry "ITA"]
[SourceTitle "EXT 2018"]
[Source "ChessBase"]
[SourceDate "2017.10.13"]
[SourceVersion "1"]
[SourceVersionDate "2017.10.13"]
[SourceQuality "1"]

1. e4 c5 2. d4 e6 3. dxc5 Qa5+ 4. Nc3 Bxc5 5. Qd3 Nc6 6. Qb5 a6 7. Qxa5 Nxa5 8. a3 Bd4 9. Nge2 Ba7 10. g3 b5 11. Bg2 Bb7 12. 0-0 Rc8 13. Be3 Bxe3 14. fxe3 Nc4 15. Nd1 Nd2 16. Rf4 Rxc2 17. Rc1 Rxc1 18. Nxc1 g5 19. Rg4 h6 20. Nc3 Nf6 21. Bh3 Nxg4 22. Bxg4 Ke7 23. Nb3 Nxb3 0-1

[Event "Napoli Moscarella Memorial"]
[Site "Napoli"]
[Date "2016.01.28"]
[Round "4"]
[White "Mauro, Lucio"]
[Black "De Rosa, Fabrizio"]
[Result "1-0"]
[WhiteElo "1702"]
[BlackElo "1483"]
[PlyCount "99"]
[EventDate "2016.01.07"]
[EventType "swiss"]
[EventRounds "6"]
[EventCountry "ITA"]
[SourceTitle "EXT 2018"]
[Source "ChessBase"]
[SourceDate "2017.10.13"]
[SourceVersion "1"]
[SourceVersionDate "2017.10.13"]
[SourceQuality "1"]

1. e4 d5 2. exd5 Qxd5 3. Nc3 Qe6+ 4. Be2 Nf6 5. d4 c6 6. h3 Nbd7 7. Be3 g6 8. Qd2 Bg7 9. 0-0-0 Nd5 10. Nxd5 Qxd5 11. c4 Qxg2 12. Bf3 Qxh1 13. Bxh1 0-0 14. Bh6 Nb6 15. b3 Rd8 16. Bxg7 Kxg7 17. Qe3 Be6 18. Ne2 a5 19. h4 a4 20. Kb2 Bxc4 21. Qe5+ f6 22. Qxe7+ Bf7 23. Qb4 a3+ 24. Ka1 Nd5 25. Qd2 Ne7 26. Be4 Rd7 27. Qe3 c5 28. Rd3 c4 29. bxc4 Bxc4 30. Rc3 Nd5 31. Bxd5 Bxd5 32. Rxa3 Rad8 33. Rc3 Ra8 34. a3 b5 35. Kb2 b4 36. axb4 Ra2+ 37. Kc1 Ra1+ 38. Kd2 Ra2+ 39. Rc2 Ra4 40. Nc3 Ra3 41. Rb2 Bf7 42. b5 Rc7 43. b6 Rb7 44. Qe4 Rb8 45. d5 Ra5 46. Qb4 Ra6 47. Qb5 Raa8 48. b7 Ra1 49. d6 Be8 50. d7 1-0

[Event "Napoli Moscarella Memorial"]
[Site "Napoli"]
[Date "2016.01.14"]
[Round "2"]
[White "De Rosa, Fabrizio"]
[Black "Freda, Guido"]
[Result "1-0"]
[WhiteElo "1483"]
[BlackElo "1551"]
[PlyCount "127"]
[EventDate "2016.01.07"]
[EventType "swiss"]
[EventRounds "6"]
[EventCountry "ITA"]
[SourceTitle "EXT 2018"]
[Source "ChessBase"]
[SourceDate "2017.10.13"]
[SourceVersion "1"]
[SourceVersionDate "2017.10.13"]
[SourceQuality "1"]

1. e4 c5 2. Nf3 d6 3. d4 cxd4 4. Nxd4 Nc6 5. Nc3 Nf6 6. Be3 e5 7. Nxc6 bxc6 8. Qd2 Be7 9. 0-0-0 0-0 10. Kb1 a5 11. f4 Ng4 12. f5 Nxe3 13. Qxe3 Bg5 14. Qd3 Be7 15. g4 g6 16. Be2 Ba6 17. Qf3 Bxe2 18. Nxe2 Rb8 19. Rhf1 Kg7 20. Qc3 c5 21. Qd3 Rb6 22. Nc3 Rc6 23. Qd5 Rb6 24. Na4 Rb5 25. f6+ Bxf6 26. Qxd6 Qxd6 27. Rxd6 Be7 28. Rb6 Rb8 29. Rxb8 Rxb8 30. Rd1 Rb4 31. Nc3 Bg5 32. Rd5 Bf4 33. Rxc5 Bd2 34. a3 Rd4 35. Rxe5 Bxc3 36. bxc3 Rc4 37. Kb2 a4 38. Rb5 Rxe4 39. Rb4 f5 40. Rxe4 fxe4 41. Kc1 Kf6 42. Kd2 Ke5 43. c4 Kd4 44. c5 e3+ 45. Ke2 Kxc5 46. Kxe3 Kc4 47. Kd2 h6 48. Kc1 Kc3 49. Kb1 h5 50. gxh5 gxh5 51. h4 Kd4 52. Kb2 Kc4 53. Ka2 Kc3 54. Kb1 Kc4 55. Kb2 Kd4 56. c3+ Kc4 57. Kc2 Kb5 58. Kd3 Kc5 59. c4 Kc6 60. Kd4 Kb6 61. c5+ Kb7 62. Kd5 Kc7 63. c6 Kc8 64. c7 1-0

[Event "Napoli Greco Memorial"]
[Site "Napoli"]
[Date "2015.04.09"]
[Round "1"]
[White "De Rosa, Fabrizio"]
[Black "Ghiani, Marco"]
[Result "0-1"]
[WhiteElo "1398"]
[BlackElo "1733"]
[PlyCount "64"]
[EventDate "2015.04.09"]
[EventType "swiss"]
[EventRounds "6"]
[EventCountry "ITA"]
[SourceTitle "EXT 2017"]
[Source "ChessBase"]
[SourceDate "2016.10.25"]
[SourceVersion "1"]
[SourceVersionDate "2016.10.25"]
[SourceQuality "1"]

1. Nf3 Nf6 2. g3 d5 3. Bg2 e6 4. 0-0 c5 5. d3 Nc6 6. Nbd2 Bd6 7. b3 0-0 8. Bb2 Qc7 9. Re1 Ne5 10. e3 Nfd7 11. Rc1 Nxf3+ 12. Nxf3 Ne5 13. c4 Nc6 14. Nd2 Ne7 15. cxd5 exd5 16. d4 Qb6 17. Qe2 Be6 18. dxc5 Bxc5 19. Nf3 Rfc8 20. Nd4 Bd7 21. Kh1 Qd6 22. Nb5 Qa6 23. Nc3 Qxe2 24. Nxe2 Bd6 25. Rcd1 Bb4 26. Rg1 Rc2 27. Bxd5 Nxd5 28. e4 Rxb2 29. Rxd5 Bc6 30. Rd4 Bc5 31. Rc4 Rxe2 32. f3 Bxg1 0-1